Loading...
Brand switch
| Main Author: | |
|---|---|
| Format: | Printed Book |
| Published: |
Jaico Publishing House: Mumbai
2004
|
| Subjects: |
| LEADER | 00517nam a2200193 4500 | ||
|---|---|---|---|
| 020 | |a 8179923495 |c 160 | ||
| 082 | |a 658.8B KAP | ||
| 100 | |a Kapoor, Jagdeep | ||
| 245 | |a Brand switch |c Kapoor, Jagdeep | ||
| 250 | |||
| 260 | |a Jaico Publishing House: Mumbai |c 2004 | ||
| 300 | |a 120 p | ||
| 490 | |||
| 500 | |||
| 590 | |||
| 650 | |a Brand Management | ||
| 942 | |c BK | ||
| 999 | |c 139275 |d 139275 | ||
| 952 | |0 0 |1 0 |4 0 |6 658_000000000000000_8B_KAP |7 0 |9 152735 |a IMK |b IMK |g 160.00 |l 0 |o 658.8B KAP |p IMK06281 |r 2019-10-25 |w 2019-10-25 |y BK | ||